00473 2200145 4500001002100000008004100021035002000062245007600082100001700158260002500175300001400200082001000214650009000224990001300314INLIS000000000000534 ind  a0010-0322000534 aSRIGALA LICIK DIKALAHKAN KANCIL DONGENG PENGHIBUR HATI & MEWARNAIcIKHA aRAHIMSYAH AR aSURABAYAbSERBA JAYA ahlm.ccm. a398.2 aFOLK LITERATURE, FAIRY TALES, MYTH, MYTHOLOGY/CERITA RAKYAT, DONGENG, MITOS, MITOLOGI a102701-1